Pokémon. (Record no. 30410)

MARC details
000 -LEADER
fixed length control field 01395cam a2200373 a 4500
001 - CONTROL NUMBER
control field 15875033
003 - CONTROL NUMBER IDENTIFIER
control field OSt
005 - DATE AND TIME OF LATEST TRANSACTION
control field 20250120093406.0
008 - FIXED-LENGTH DATA ELEMENTS--GENERAL INFORMATION
fixed length control field 090820t20092008nyua j 000 0 eng d
010 ## - LIBRARY OF CONGRESS CONTROL NUMBER
LC control number 2009281183
020 ## - INTERNATIONAL STANDARD BOOK NUMBER
International Standard Book Number 9780545099387 (pbk.)
020 ## - INTERNATIONAL STANDARD BOOK NUMBER
International Standard Book Number 0545099382 (pbk.)
035 ## - SYSTEM CONTROL NUMBER
System control number (OCoLC)ocn294094382
040 ## - CATALOGING SOURCE
Original cataloging agency DPL
Transcribing agency DPL
Modifying agency OCL
-- GL9
-- JAG
-- OTP
-- XY4
-- NPL
-- DLC
042 ## - AUTHENTICATION CODE
Authentication code lccopycat
050 00 - LIBRARY OF CONGRESS CALL NUMBER
Classification number PZ7.W51937
Item number Pnr 2009
100 1# - MAIN ENTRY--PERSONAL NAME
Personal name Whitehill, Simcha.
245 10 - TITLE STATEMENT
Title Pokémon.
Name of part/section of a work Diamond and pearl,
-- World of Sinnoh /
Statement of responsibility, etc. by Simcha Whitehill.
246 30 - VARYING FORM OF TITLE
Title proper/short title Diamond and pearl
246 30 - VARYING FORM OF TITLE
Title proper/short title World of Sinnoh
260 ## - PUBLICATION, DISTRIBUTION, ETC. (IMPRINT)
Place of publication, distribution, etc. New York :
Name of publisher, distributor, etc. Scholastic,
Date of publication, distribution, etc. [2009], c2008.
300 ## - PHYSICAL DESCRIPTION
Extent 96 p. :
Other physical details col. ill. ;
Dimensions 23 cm. +
Accompanying material 1 poster.
490 1# - SERIES STATEMENT
Series statement Pokémon
520 ## - SUMMARY, ETC.
Summary, etc. "Your ultimate travel guide to the newest Pokémon region"--Cover.
650 #0 - SUBJECT ADDED ENTRY--TOPICAL TERM
Topical term or geographic name as entry element Pokémon (Fictitious characters)
Form subdivision Juvenile fiction.
650 #0 - SUBJECT ADDED ENTRY--TOPICAL TERM
Topical term or geographic name as entry element Animals, Mythical
Form subdivision Juvenile fiction.
650 #1 - SUBJECT ADDED ENTRY--TOPICAL TERM
Topical term or geographic name as entry element Mythical animals
Form subdivision Fiction.
650 #1 - SUBJECT ADDED ENTRY--TOPICAL TERM
Topical term or geographic name as entry element Adventure and adventurers
Form subdivision Fiction.
730 0# - ADDED ENTRY--UNIFORM TITLE
Uniform title Pokémon (Television program)
830 #0 - SERIES ADDED ENTRY--UNIFORM TITLE
Uniform title Pokémon.
906 ## - LOCAL DATA ELEMENT F, LDF (RLIN)
a 7
b cbc
c copycat
d 2
e ncip
f 20
g y-gencatlg
942 ## - ADDED ENTRY ELEMENTS (KOHA)
Koha item type Libro/Book
Holdings
Withdrawn status Lost status Source of classification or shelving scheme Damaged status Not for loan Home library Current library Date acquired Total Checkouts Full call number Barcode Date last seen Price effective from Koha item type
    Dewey Decimal Classification     San Juan Del Sur -- Biblioteca San Juan Del Sur -- Biblioteca 20/01/2025   YA 30026828 20/01/2025 20/01/2025 Libro/Book

Powered by Koha